000 00903nam a22002057a 4500
999 _c13479
_d13479
003 AR-CdUCM
008 190415b ||||| |||| 00| 0 spa d
040 _aMUNICIPALIDAD PROVINCIAL DEL CUSCO
_cBIBLIOTECA MUNICIPAL DEL CUSCO
082 _a086.344 /
_bJ54
100 _aJiménez de Asúa, Luis
_99133
245 _aTratado de derecho penal /
260 _aBuenos Aires :
_bEditorial Losada,
_c1951.
300 _a6 tomos ;
_c23 cm.
505 _aContenido: t.1: Concepto del derecho penal y de la criminología, historia y legislación penal comparada -- t.2: Filosofía y ley penal -- t.3: El delito (primera parte) -- t.4: El delito (segunda parte:las causas de justificación) -- t.5: La culpabilidad -- t.6: La culpabilidad y su exclusión.
650 _aDerecho penal
_95831
650 _aArgentina
_9511
650 _aBibliografía
_944052
942 _2ddc
_cLIBROS
945 _adavv
_d15/04/2019